[Event "Challenge"]
[Site "http://www.queenalice.com/game.php?id=1135748"]
[Date "2012.12.30"]
[Round "-"]
[White "jujuju"]
[Black "gasparotto"]
[Result "0-1"]
[WhiteElo "2256"]
[BlackElo "2043"]

1. d4 d5 2. c4 c6 3. Nf3 Nf6 4. e3 e6 5. Nc3 Nbd7 6. Bd3 Bb4 7. O-O O-O 8. Bd2
dxc4 9. Bxc4 b5 10. Bd3 a6 11. a3 Ba5 12. b4 Bc7 13. e4 a5 14. bxa5 Bxa5 15. e5
Bxc3 16. Bxc3 Nd5 17. Bb2 h6 18. g4 f6 19. exf6 Qxf6 20. Ne5 Nxe5 21. dxe5 Qh4
22. Bd4 Rf4 23. f3 Rxd4 0-1

[Event "Challenge"]
[Site "http://www.queenalice.com/game.php?id=1135752"]
[Date "2012.12.30"]
[Round "-"]
[White "jujuju"]
[Black "Guillie"]
[Result "1/2-1/2"]
[WhiteElo "2241"]
[BlackElo "1955"]

1. d4 d5 2. c4 dxc4 3. Nf3 g6 4. Na3 Bg7 5. Nxc4 b6 6. Bf4 Bb7 7. e3 e6 8. Bd3
Nc6 9. O-O Nge7 10. g4 Nb4 11. Qa4+ Nbc6 12. b3 a6 13. Nfe5 b5 14. Qa3 bxc4 15.
bxc4 Bxe5 16. dxe5 O-O 17. Rad1 Qc8 18. g5 Nf5 19. h3 Nce7 20. e4 c5 21. exf5
Qc6 22. f3 Nxf5 23. Be4 Qc7 24. Bxb7 Qxb7 25. Qxc5 Rfc8 26. Qa5 Rxc4 27. Rd8+
Rxd8 28. Qxd8+ Kg7 29. Qf6+ Kg8 30. Qd8+ Kg7 31. Qf6+ Kf8 32. Qd8+ Kg7 33. Qf6+
1/2-1/2

[Event "Challenge"]
[Site "http://www.queenalice.com/game.php?id=1135753"]
[Date "2012.12.30"]
[Round "-"]
[White "jujuju"]
[Black "Majid"]
[Result "0-1"]
[WhiteElo "2256"]
[BlackElo "1972"]

1. d4 d5 2. c4 e6 3. Nc3 Nf6 4. Nf3 Be7 5. Bf4 a6 6. cxd5 exd5 7. e3 Nc6 8. Bd3
h6 9. O-O O-O 10. e4 dxe4 11. Bxe4 Nb4 12. Re1 Nxe4 13. Rxe4 Be6 14. Be3 Nd5 15.
Nxd5 Bxd5 16. Rg4 f5 17. Rg6 f4 18. Bc1 Bf7 19. Rg4 g5 20. Bxf4 Bh5 21. Rg3 Rxf4
0-1

[Event "Challenge"]
[Site "http://www.queenalice.com/game.php?id=1135755"]
[Date "2012.12.30"]
[Round "-"]
[White "jujuju"]
[Black "wsteinitz"]
[Result "1/2-1/2"]
[WhiteElo "2249"]
[BlackElo "2044"]

1. d4 d5 2. c4 c6 3. Nf3 Nf6 4. Nc3 Bf5 5. e3 e6 6. Bd3 Bb4 7. Bxf5 exf5 8. cxd5
Nxd5 9. Bd2 O-O 10. O-O Na6 11. Qb3 Rb8 12. Nxd5 Bxd2 13. Nc3 Bxc3 14. bxc3 Nc7
15. g3 Qd5 16. Ne5 h5 17. Qxd5 Nxd5 18. Nd7 Nxc3 19. Nxf8 Kxf8 20. Kg2 Ne4 21.
h4 Ke7 22. Rfc1 Kd7 23. f3 Nf6 24. Rc5 g6 25. Rac1 Re8 26. Kf2 Nd5 27. Re1 Nb4
28. Rd1 Nd5 29. Rd3 b6 30. Rc1 Nf6 31. Ra3 a5 32. Rb3 Kc7 33. Rd3 Nd5 34. a4 Kd6
35. Rc4 Re7 36. Rb3 Re8 37. Rc2 Kc7 38. f4 Nf6 39. Kf3 Nd5 40. Rd2 Re6 41. Ra3
Re8 42. Re2 Nf6 43. Ra1 Kd6 44. Rc1 Nd5 45. Rc4 Nf6 46. Rec2 Rc8 47. Rc1 Ne4 48.
R1c2 1/2-1/2

[Event "Challenge"]
[Site "http://www.queenalice.com/game.php?id=1135860"]
[Date "2012.12.31"]
[Round "-"]
[White "wsteinitz"]
[Black "jujuju"]
[Result "1-0"]
[WhiteElo "1991"]
[BlackElo "2241"]

1. d4 c5 2. Nf3 cxd4 3. Nxd4 Nf6 4. c4 e5 5. Nb3 Nc6 6. Bg5 Bb4+ 7. N1d2 O-O 8.
g3 h6 9. Bxf6 Qxf6 10. Bg2 b6 11. O-O Bxd2 12. Nxd2 Rb8 13. Ne4 Qe7 14. Qd6 Qxd6
15. Nxd6 Ne7 16. Rfd1 f6 17. Nxc8 Rfxc8 18. Rxd7 Ng6 19. Rxa7 Rxc4 20. Bd5+ 1-0

[Event "Challenge"]
[Site "http://www.queenalice.com/game.php?id=1136825"]
[Date "2013.1.3"]
[Round "-"]
[White "Guillie"]
[Black "jujuju"]
[Result "1-0"]
[WhiteElo "1970"]
[BlackElo "2241"]

1. d4 c5 2. dxc5 Na6 3. Nf3 Nf6 4. Nc3 Nxc5 5. Bf4 d6 6. h3 Bf5 7. e3 e5 8. Bg5
Be7 9. Bxf6 gxf6 10. Nd5 O-O 11. Nh4 Be6 12. Nxe7+ Qxe7 13. Bd3 Nxd3+ 14. cxd3
b5 15. b4 d5 16. a3 a5 17. bxa5 Rxa5 18. a4 Qb4+ 19. Qd2 Rxa4 20. Qxb4 Rxa1+ 21.
Ke2 Rxh1 22. Qxb5 h5 23. f3 Rh2 24. Kf1 Rh1+ 25. Kf2 f5 26. Qb2 e4 27. fxe4 fxe4
28. dxe4 dxe4 29. Qe5 Ra8 30. Qxe4 Ra2+ 31. Kg3 Ra5 32. Qf4 Rd1 33. Nf3 Rf5 34.
Qh6 Rd3 35. Ng5 Rxe3+ 36. Kh2 Ree5 37. Nf3 Rd5 38. Qe3 Rf6 39. Nd4 Bd7 40. Qe7
Kg7 41. Nf3 Re6 42. Qb4 f5 43. Qc3+ Kg8 44. Ng5 Red6 45. Qg3 Rd3 46. Nf3+ Kf8
47. Qg5 R3d5 48. Qxh5 Kg7 49. Qg5+ Kf7 50. h4 Rg6 51. Qh5 Kf6 52. Qh8+ Ke6 53.
h5 Rg4 54. h6 f4 55. Nd4+ Ke7 56. Qh7+ Kd6 57. Nf3 Rh5+ 58. Kg1 Bf5 59. Qf7 Bg6
60. Qf6+ Kd7 61. Ne5+ Rxe5 62. Qxe5 f3 63. Qd5+ Ke7 64. Qxf3 Rg5 65. h7 Bxh7 66.
Qb7+ Kf6 67. Qxh7 Rxg2+ 68. Kxg2 1-0

[Event "Challenge"]
[Site "http://www.queenalice.com/game.php?id=1136925"]
[Date "2013.1.3"]
[Round "-"]
[White "jujuju"]
[Black "Guillie"]
[Result "1-0"]
[WhiteElo "2241"]
[BlackElo "2004"]

1. c4 c5 2. Nc3 Nc6 3. Nf3 Nf6 4. e4 e5 5. Bd3 h6 6. O-O a6 7. b3 d6 8. Bb2 Be6
9. Nd5 Nd4 10. Re1 Bg4 11. Re3 Nxd5 12. cxd5 Nxf3+ 13. gxf3 Bd7 14. Re1 Bh3 15.
Kh1 Be7 16. f4 Bh4 17. Qf3 Bd7 18. fxe5 dxe5 19. Bxe5 f6 20. Qh5+ Ke7 21. Qxh4
g5 22. Bxf6+ Kxf6 23. Qg3 Qb6 24. f4 gxf4 25. e5+ Ke7 26. Qg7+ 1-0

[Event "Challenge"]
[Site "http://www.queenalice.com/game.php?id=1139572"]
[Date "2013.1.11"]
[Round "-"]
[White "jujuju"]
[Black "cdepalma1"]
[Result "0-1"]
[WhiteElo "2256"]
[BlackElo "1961"]

1. d4 Nf6 2. c4 e6 3. Nf3 Nc6 4. Nc3 Bb4 5. Bf4 d5 6. cxd5 Nxd5 7. Bd2 O-O 8. e4
Nf6 9. e5 Nd5 10. Bc4 Bxc3 11. bxc3 h6 12. O-O a6 13. Re1 b5 14. Bd3 Bb7 15. a4
b4 16. Rb1 a5 17. g3 Rb8 18. cxb4 Ndxb4 19. Be4 f5 20. exf6 Rxf6 21. Be3 Qf8 22.
h4 Rd8 23. Ne5 Nxe5 24. Bxb7 Nf3+ 25. Bxf3 Rxf3 26. Qe2 Qf5 27. Rb2 Nd3 28. Reb1
Nxb2 29. Rxb2 Rd5 30. Rb8+ Kh7 31. Rb7 Qg4 32. Qd3+ Rdf5 33. Rxc7 Rxg3+ 34. fxg3
Qxg3+ 35. Kh1 Qxh4+ 36. Kg2 Qg4+ 37. Kh1 Qh5+ 38. Kg2 Qg6+ 0-1

[Event "Challenge"]
[Site "http://www.queenalice.com/game.php?id=1142083"]
[Date "2013.1.18"]
[Round "-"]
[White "jujuju"]
[Black "jiba45"]
[Result "0-1"]
[WhiteElo "2256"]
[BlackElo "2205"]

1. d4 Nf6 2. c4 e6 3. Nc3 d5 4. Nf3 Nbd7 5. Be3 dxc4 6. Nd2 Be7 7. Nxc4 O-O 8.
Bg5 c5 9. e3 a6 10. Bd3 b5 11. Ne5 Bb7 12. O-O cxd4 13. Nxd7 Qxd7 14. Bxf6 Bxf6
15. exd4 Bxd4 16. Qg4 Bxf2+ 17. Rxf2 Qxd3 18. Rd1 Qe3 0-1

[Event "Challenge"]
[Site "http://www.queenalice.com/game.php?id=1142085"]
[Date "2013.1.18"]
[Round "-"]
[White "jujuju"]
[Black "Thiha"]
[Result "1/2-1/2"]
[WhiteElo "2256"]
[BlackElo "1936"]

1. d4 c6 2. Nc3 d5 3. Nf3 Bf5 4. Bf4 Nd7 5. e3 e6 6. Bd3 Bxd3 7. Qxd3 Ngf6 8.
O-O Rc8 9. a3 c5 10. Ne2 Qb6 11. Rfb1 c4 12. Qd1 Be7 13. c3 a5 14. b4 a4 15.
Qxa4 Nh5 16. Ne5 Rd8 17. Nxd7 Rxd7 18. Qc2 g5 19. Bg3 Nxg3 20. Nxg3 h5 21. Ne2
f5 22. g3 Bd6 23. Kh1 Rg7 24. Rg1 Qc7 25. Qa4+ Ke7 26. Qc2 h4 27. Raf1 hxg3 28.
fxg3 f4 29. exf4 gxf4 30. gxf4 Rgh7 31. Rg2 Kd8 32. Rff2 Qe7 33. a4 Rh3 34. Ng1
Rd3 35. a5 Rhh3 36. Rg8+ Kc7 37. Rfg2 Rh7 38. b5 Bxf4 39. b6+ Kd6 40. Qa4 Qh4
41. Qb4+ Kd7 42. Qb5+ Ke7 43. Qe8+ Kd6 44. Qb8+ Kc6 45. Qe8+ Kd6 46. Qb8+ Kc6
47. Qe8+ Kd6 48. Qb8+ 1/2-1/2

[Event "AUTO-OPEN-2665"]
[Site "http://www.queenalice.com/game.php?id=1158699"]
[Date "2013.3.7"]
[Round "2"]
[White "jujuju"]
[Black "holandes"]
[Result "1/2-1/2"]
[WhiteElo "2269"]
[BlackElo "1867"]

1. d4 d5 2. Nf3 e6 3. Bf4 Nf6 4. e3 Nbd7 5. Bd3 Be7 6. Nbd2 O-O 7. O-O c5 8. c4
dxc4 9. Bxc4 cxd4 10. exd4 Nb6 11. Be3 Nxc4 12. Nxc4 b6 13. Re1 Bb7 14. a3 Qd5
15. Ncd2 1/2-1/2

[Event "AUTO-OPEN-2665"]
[Site "http://www.queenalice.com/game.php?id=1158700"]
[Date "2013.3.7"]
[Round "2"]
[White "holandes"]
[Black "jujuju"]
[Result "1/2-1/2"]
[WhiteElo "1881"]
[BlackElo "2258"]

1. e4 e5 2. Nf3 Nc6 3. d3 Bc5 4. Be2 d6 5. O-O Bg4 6. Nc3 Nge7 7. Ng5 Bxe2 8.
Qxe2 h6 9. Nf3 a6 10. a3 Nd4 11. Nxd4 Bxd4 12. Qg4 g5 13. Qh5 Ng6 14. Be3 c6 15.
Bxd4 exd4 1/2-1/2

[Event "AUTO-OPEN-2665"]
[Site "http://www.queenalice.com/game.php?id=1169661"]
[Date "2013.4.8"]
[Round "3"]
[White "jujuju"]
[Black "skorpion"]
[Result "0-1"]
[WhiteElo "2227"]
[BlackElo "2853"]

1. d4 d5 2. Nf3 Nf6 3. Bf4 e6 4. e3 c5 5. Bb5+ Bd7 6. Bxd7+ Nbxd7 7. c3 cxd4 8.
exd4 Be7 9. Nbd2 a6 10. O-O O-O 11. Re1 Nh5 12. Bg3 Nxg3 13. fxg3 b5 14. a3 h6
15. Ne5 Nxe5 16. Rxe5 a5 17. h4 b4 18. Re3 bxa3 19. bxa3 Qc7 20. Qc2 Ra6 21. Nb1
Rc6 22. Rd3 Bd6 23. Kh2 Rc8 24. Ra2 e5 25. dxe5 Bxe5 26. Qf2 Rf6 27. Qd2 Rf1 28.
Rb2 Qe7 29. Rxd5 Qxh4# 0-1

[Event "AUTO-OPEN-2665"]
[Site "http://www.queenalice.com/game.php?id=1169662"]
[Date "2013.4.8"]
[Round "3"]
[White "skorpion"]
[Black "jujuju"]
[Result "1-0"]
[WhiteElo "2854"]
[BlackElo "2226"]

1. e4 e5 2. Nf3 Nc6 3. Nc3 Bc5 4. Be2 d6 5. Na4 Bb6 6. Nxb6 axb6 7. d4 Bg4 8. d5
Bxf3 9. Bxf3 Nce7 10. O-O Nf6 11. a4 O-O 12. Qd3 Qd7 13. b3 c5 14. Bg5 Ng6 15.
Bxf6 gxf6 16. g3 Kh8 17. Bg2 Rg8 18. Qf3 Qd8 19. h4 Nf8 20. Rfb1 Qe7 21. b4 Nd7
22. Bh3 Rad8 23. a5 b5 24. Bxd7 Rxd7 25. bxc5 dxc5 26. Rxb5 Ra8 27. h5 Rc7 28.
Rb6 Ra6 29. d6 Qd7 30. Qxf6+ Kg8 31. h6 1-0

[Event "Challenge"]
[Site "http://www.queenalice.com/game.php?id=1241592"]
[Date "2013.12.21"]
[Round "-"]
[White "jujuju"]
[Black "dano"]
[Result "1-0"]
[WhiteElo "2234"]
[BlackElo "1777"]

1. e4 e5 2. Nc3 Nf6 3. Nf3 Bd6 4. Bc4 h6 5. O-O c5 6. Nb5 Be7 7. Nxe5 d5 8. exd5
Nbd7 9. d6 O-O 10. Nxf7 Rxf7 11. Bxf7+ Kxf7 12. dxe7 Qxe7 13. Qe1 Ne5 14. d3 Nh5
15. b3 a6 16. Nc3 g5 17. Bb2 Qd6 18. Qe4 Nf6 19. Qe2 Nfg4 20. g3 Bd7 21. f3 Qd4+
22. Kh1 Bc6 23. Nd1 Qd6 24. Bxe5 Nxe5 25. Nc3 g4 26. Ne4 Qd4 27. fxg4+ Kg7 28.
h3 Rf8 29. Rae1 Qd6 30. Kh2 Qd5 31. Rxf8 Kxf8 32. Qf2+ Qf7 33. Qxf7+ Kxf7 34.
Rf1+ Kg6 35. Rf5 Nf7 36. Rxf7 Kxf7 37. Nxc5 Bf3 38. b4 Ke7 39. Kg1 Kd6 40. Kf2
Bd5 41. Ke3 Kc6 42. a4 a5 43. c3 b6 44. c4 Bg2 45. Na6 Kb7 46. b5 Bxh3 47. Kf4
Bf1 48. g5 hxg5+ 49. Kxg5 Bxd3 50. c5 Bc2 51. cxb6 Bxa4 52. Nc5+ Kxb6 53. Nxa4+
Kxb5 54. Nc3+ Kc4 55. Nb1 a4 56. Kf5 Kb3 57. g4 Kb2 58. Na3 Kxa3 59. g5 Kb2 60.
g6 a3 61. g7 a2 62. g8=Q a1=Q 63. Qg2+ Kb1 64. Qe4+ Ka2 65. Qa4+ Kb1 66. Qe4+
Ka2 67. Qa4+ Kb1 68. Qe4+ Ka2 69. Qd5+ Kb1 70. Qh1+ Ka2 71. Qd5+ Kb1 72. Qd3+
Ka2 73. Qc4+ Kb1 74. Qf1+ Ka2 75. Qc4+ Kb1 76. Qe4+ Ka2 77. Qe6+ Ka3 78. Qd6+
1-0

[Event "Challenge"]
[Site "http://www.queenalice.com/game.php?id=1241596"]
[Date "2013.12.21"]
[Round "-"]
[White "jujuju"]
[Black "nebojsa"]
[Result "1-0"]
[WhiteElo "2225"]
[BlackElo "1707"]

1. e4 e5 2. Nc3 Nf6 3. Nf3 d5 4. exd5 Nxd5 5. Nxe5 Nxc3 6. bxc3 Qe7 7. Qe2 Be6
8. d4 f6 9. Nf3 Nc6 10. Bf4 Qf7 11. d5 1-0

[Event "Challenge"]
[Site "http://www.queenalice.com/game.php?id=1244278"]
[Date "2013.12.31"]
[Round "-"]
[White "dano"]
[Black "jujuju"]
[Result "0-1"]
[WhiteElo "1777"]
[BlackElo "2226"]

1. e4 e5 2. Nf3 Nc6 3. b3 Nf6 4. Nc3 Bc5 5. Bb2 Ng4 6. d4 exd4 7. Na4 Bb4+ 8. c3
dxc3 9. Bxc3 O-O 10. Bc4 Re8 11. Qd5 Re6 12. Qf5 Nh6 13. Qh5 Rxe4+ 14. Kd1 d5
15. Qxd5 Be6 16. Qxd8+ Rxd8+ 17. Kc2 Bxc4 18. bxc4 Rxc4 19. Rad1 Rxd1 20. Rxd1
b5 21. a3 Bxa3 22. Nb2 Rg4 23. Ne5 Nxe5 24. Bxe5 Rxg2 25. Rd8+ Bf8 26. Bd4 Nf5
27. Bxa7 g5 28. Rd5 Nd6 29. Nd3 c6 30. Re5 f5 31. h3 Rh2 32. Re3 f4 33. Rf3 c5
34. Nxc5 Nc8 0-1

[Event "Challenge"]
[Site "http://www.queenalice.com/game.php?id=1247244"]
[Date "2014.1.11"]
[Round "-"]
[White "nebojsa"]
[Black "jujuju"]
[Result "0-1"]
[WhiteElo "1701"]
[BlackElo "2227"]

1. e4 c5 2. Nf3 d6 3. Nc3 Nc6 4. d4 cxd4 5. Nxd4 Nf6 6. h3 Nxd4 7. Qxd4 e5 8.
Bb5+ Bd7 9. Qa4 a6 10. Bxd7+ Nxd7 11. Be3 b5 12. Qb3 Be7 0-1

[Event "Challenge"]
[Site "http://www.queenalice.com/game.php?id=1302429"]
[Date "2014.8.18"]
[Round "-"]
[White "jujuju"]
[Black "Betov"]
[Result "1-0"]
[WhiteElo "2235"]
[BlackElo "1698"]

1. d4 d5 2. c4 e6 3. Nf3 Nc6 4. Nc3 g6 5. Bg5 Nf6 6. cxd5 exd5 7. Bxf6 Qxf6 8.
Nxd5 Qd6 9. e4 Bg7 10. Bc4 Ne7 11. O-O Nxd5 12. exd5 O-O 13. a4 Bg4 14. h3 Bf5
15. Qb3 b6 16. g4 Be4 17. Rae1 Rfe8 18. Ng5 Qf4 19. Qe3 Qxe3 20. fxe3 h6 21.
Nxe4 Rxe4 22. d6 c6 23. Bxf7+ Kh8 24. Bxg6 Re6 25. Bf5 Rxd6 26. b4 a5 27. bxa5
Rxa5 28. Ra1 c5 29. Rfc1 Bf6 30. dxc5 bxc5 31. Ra2 Bg5 32. Kf2 Rd3 33. Bxd3 Bh4+
34. Kf3 Kg7 35. Bb5 Be7 36. Rd2 Kf6 37. Rd7 Ke6 38. Rcd1 c4 39. Rc7 Ra8 40. Rxc4
Rf8+ 41. Rf4 Rxf4+ 42. exf4 Kf6 43. a5 Bc5 44. Rd5 Bg1 45. a6 Ke6 46. Rh5 1-0